[Event "Chigorin Mem Blitz 2015"]
[Site "St Petersburg RUS"]
[Date "2015.10.02"]
[Round "4.9"]
[White "Popov, Valerij"]
[Black "Ganichev, Alexander"]
[Result "1-0"]
[WhiteTitle "GM"]
[WhiteElo "2525"]
[BlackElo "2225"]
[WhiteFideId "4119410"]
[BlackFideId "24143944"]
[EventDate "2015.10.02"]

1. Nf3 Nf6 2. c4 g6 3. Nc3 Bg7 4. e4 c5 5. d4 cxd4 6. Nxd4 d6 7. Be2 O-O 8. O-O
Nc6 9. Be3 a6 10. Rc1 Qa5 11. Nb3 Qc7 12. Nd5 Qd8 13. Bb6 Qd7 14. f3 Ne8 15. Qd2
e6 16. Nc3 Nc7 17. Rfd1 Rd8 18. Be3 Bf8 19. Na4 Rb8 20. Nb6 Qe8 21. Bf1 Na8 22.
Rc2 a5 23. Nxc8 Rbxc8 24. Nxa5 Rd7 25. Nxc6 bxc6 26. Qc3 c5 27. a3 Bg7 28. Qd2
Rb8 29. b4 cxb4 30. axb4 Rdb7 31. b5 Rd7 32. Bf4 Bf8 33. g3 e5 34. Be3 Qe6 35.
h4 Rbd8 36. Kh2 f5 37. Bh3 Bg7 38. Qd5 Kf7 39. exf5 gxf5 40. Bxf5 Qxd5 41. Rxd5
Rc7 42. Bxh7 1-0

[Event "Chigorin Mem Blitz 2015"]
[Site "St Petersburg RUS"]
[Date "2015.10.02"]
[Round "4.10"]
[White "Bodnaruk, Anastasia"]
[Black "Andriasian, Zaven"]
[Result "1-0"]
[WhiteTitle "IM"]
[BlackTitle "GM"]
[WhiteElo "2459"]
[BlackElo "2591"]
[WhiteFideId "4181751"]
[BlackFideId "13302000"]
[EventDate "2015.10.02"]

1. e4 d6 2. d4 Nf6 3. Nc3 g6 4. f4 Bg7 5. Nf3 c6 6. Bd3 b5 7. e5 Nfd7 8. Be3 b4
9. Ne4 d5 10. Nc5 Nxc5 11. dxc5 Bg4 12. Bd4 e6 13. a3 bxa3 14. Rxa3 O-O 15. O-O
Nd7 16. Ra6 Qc7 17. b4 f6 18. exf6 Bxf6 19. Bxf6 Rxf6 20. h3 Bxf3 21. Qxf3 e5
22. Qg4 exf4 23. Qg5 Raf8 24. Be2 Rf5 25. Qh4 Ne5 26. Rfa1 Ra8 27. R1a3 Qb7 28.
R6a4 Rf7 29. Qg5 Qc7 30. Qh4 Kg7 31. Ra6 h6 32. Qf2 Kh7 33. Qd4 Qe7 34. Qf2 Qf8
35. Qf1 Qg7 36. Qf2 Re8 37. b5 cxb5 38. Bxb5 Rb8 39. Be2 Rb1+ 40. Kh2 Qf8 41.
Rxa7 h5 42. Qxf4 Nd7 43. Rxd7 Rxd7 44. Qxf8 1-0

[Event "Chigorin Mem Blitz 2015"]
[Site "St Petersburg RUS"]
[Date "2015.10.02"]
[Round "4.11"]
[White "Eraschenkov, Denis"]
[Black "Lintchevski, Daniil"]
[Result "1-0"]
[WhiteTitle "IM"]
[BlackTitle "GM"]
[WhiteElo "2402"]
[BlackElo "2562"]
[WhiteFideId "4170733"]
[BlackFideId "4171055"]
[EventDate "2015.10.02"]

1. e4 c6 2. d4 d5 3. exd5 cxd5 4. c4 Nf6 5. Nc3 g6 6. cxd5 Nxd5 7. Qb3 Nb6 8.
Nf3 Bg7 9. Bb5+ Bd7 10. O-O O-O 11. Bxd7 N8xd7 12. a4 Qc7 13. a5 Nc4 14. Nd5
Nxa5 15. Qa2 Qc4 16. Qxa5 e6 17. Ne3 Qb3 18. Qc3 Qb6 19. Nc4 Qb5 20. Ra5 Qc6 21.
Nce5 Qd6 22. Bf4 Rfc8 23. Qd2 Qe7 24. Nxd7 Qxd7 25. Be5 f6 26. Bf4 g5 27. Bg3 h5
28. h4 b6 29. Ra3 g4 30. Ne1 Rc4 31. Nc2 Rac8 32. Rc3 b5 33. Ne3 Rxc3 34. bxc3
a5 35. d5 e5 36. Qd3 a4 37. d6 a3 38. Ra1 Ra8 39. Qd5+ 1-0

[Event "Chigorin Mem Blitz 2015"]
[Site "St Petersburg RUS"]
[Date "2015.10.02"]
[Round "4.12"]
[White "Chigaev, Maksim"]
[Black "Kopylov, Yuriy"]
[Result "1-0"]
[WhiteTitle "IM"]
[WhiteElo "2521"]
[BlackElo "2088"]
[WhiteFideId "4108116"]
[BlackFideId "34157570"]
[EventDate "2015.10.02"]

1. e4 c5 2. Nf3 Nc6 3. Bb5 g6 4. Bxc6 bxc6 5. O-O Bg7 6. Re1 e5 7. c3 Ne7 8. d4
cxd4 9. cxd4 exd4 10. Nxd4 O-O 11. Nc3 h6 12. Bf4 d6 13. Nb3 d5 14. exd5 Nxd5
15. Nxd5 Qxd5 16. Qxd5 cxd5 17. Be5 Be6 18. Nd4 Rfe8 19. Bxg7 Kxg7 20. f3 Rab8
21. Re2 Kf6 22. Rae1 Bd7 23. Kf2 Rxe2+ 24. Rxe2 Rb4 25. Rd2 Ke5 26. Ke3 g5 27.
g3 Be6 28. Nc6+ 1-0

[Event "Chigorin Mem Blitz 2015"]
[Site "St Petersburg RUS"]
[Date "2015.10.02"]
[Round "5.1"]
[White "Belous, Vladimir"]
[Black "Alekseev, Evgeny"]
[Result "1/2-1/2"]
[WhiteTitle "GM"]
[BlackTitle "GM"]
[WhiteElo "2566"]
[BlackElo "2642"]
[WhiteFideId "4174003"]
[BlackFideId "4138147"]
[EventDate "2015.10.02"]

1. Nf3 c5 2. c4 Nc6 3. Nc3 g6 4. e3 Nf6 5. d4 cxd4 6. exd4 d5 7. cxd5 Nxd5 8.
Qb3 e6 9. Bb5 Bg7 10. Bg5 Qb6 11. Qa3 f6 12. Nxd5 exd5 13. Bxc6+ bxc6 14. O-O
Kf7 15. Rfe1 Qb7 16. Bf4 Bf5 17. Nd2 Rhe8 18. Nb3 Bf8 19. Bd6 Bh6 20. h3 Rxe1+
21. Rxe1 Re8 22. Rxe8 Kxe8 23. g4 Bc8 24. Nc5 Qb6 25. Qf3 Kf7 26. Bf4 Bg7 27. b3
Qd8 28. a4 Qe7 29. Kg2 h6 30. Qe3 g5 31. Qxe7+ Kxe7 32. Bb8 a6 33. Kf3 f5 34.
Be5 fxg4+ 35. hxg4 Bf8 36. a5 Kf7 37. Kg3 Kg6 38. f4 1/2-1/2

[Event "Chigorin Mem Blitz 2015"]
[Site "St Petersburg RUS"]
[Date "2015.10.02"]
[Round "5.2"]
[White "Maletin, Pavel"]
[Black "Demchenko, Anton"]
[Result "0-1"]
[WhiteTitle "GM"]
[BlackTitle "GM"]
[WhiteElo "2581"]
[BlackElo "2595"]
[WhiteFideId "4146786"]
[BlackFideId "4160258"]
[EventDate "2015.10.02"]

1. e4 e5 2. Nf3 Nc6 3. Bb5 g6 4. O-O Bg7 5. c3 a6 6. Ba4 d6 7. d4 Bd7 8. Na3
Nge7 9. Be3 b6 10. d5 Nb8 11. Bxd7+ Nxd7 12. c4 a5 13. Nb5 h6 14. a3 f5 15. b4
O-O 16. Qc1 g5 17. c5 bxc5 18. bxc5 fxe4 19. Nd2 Nf6 20. cxd6 cxd6 21. Qc4 Rc8
22. Qb3 Kh7 23. Nxe4 Nxe4 24. Qd3 Kh8 25. Qxe4 Qd7 26. a4 Ng8 27. Rac1 Nf6 28.
Qd3 Nh5 29. Qg6 Nf6 30. Qd3 Nh5 31. g3 Nf6 32. Rfd1 Qh3 33. Rxc8 Rxc8 34. Qf1
Qd7 35. Qe1 Rc4 36. Rc1 Rxa4 37. Rc6 Bf8 38. Qd1 Rb4 39. Nc3 Qh3 40. f3 Rb2 41.
Bf2 Qd7 42. Ne4 Nxe4 43. fxe4 Qf7 44. Qf1 a4 45. Ra6 Rb4 46. Qd3 Kg7 47. Kg2 Be7
48. Ra7 Kg6 49. Qf3 Qxf3+ 50. Kxf3 Bf6 51. Ra6 Be7 52. Ra7 Bf8 53. Ra8 Kf7 54.
Be1 Rb3+ 55. Ke2 a3 56. Bd2 Be7 57. Ra7 Ke8 58. Bc1 Rc3 59. Bxa3 Rc2+ 60. Kf3
Rxh2 61. Ra8+ Kf7 62. Ra7 Kf6 63. Ra6 Ra2 64. Kg4 Kf7 65. Ra7 Kf6 66. Ra6 Ra1
67. Kf3 h5 68. Ra8 g4+ 69. Kf2 Ra2+ 70. Ke3 Kf7 71. Ra7 Kf6 72. Ra8 Kg6 73. Ra7
Bg5+ 74. Kd3 Bc1 75. Bc5 Rd2+ 76. Kc4 Rc2+ 0-1

[Event "Chigorin Mem Blitz 2015"]
[Site "St Petersburg RUS"]
[Date "2015.10.02"]
[Round "5.3"]
[White "Eliseev, Urii"]
[Black "Amonatov, Farrukh"]
[Result "1-0"]
[WhiteTitle "GM"]
[BlackTitle "GM"]
[WhiteElo "2536"]
[BlackElo "2591"]
[WhiteFideId "24131920"]
[BlackFideId "14700077"]
[EventDate "2015.10.02"]

1. e4 c5 2. Nf3 d6 3. d4 cxd4 4. Nxd4 Nf6 5. Nc3 a6 6. Be3 e5 7. Nb3 Be7 8. h3
O-O 9. g4 Be6 10. Qf3 Nc6 11. g5 Nd7 12. h4 Na5 13. O-O-O Rc8 14. Nd5 Nc4 15.
Kb1 Nxe3 16. Nxe3 Qc7 17. Bh3 Nb6 18. c3 Rfe8 19. Rdg1 Bxh3 20. Rxh3 a5 21. h5
a4 22. g6 fxg6 23. hxg6 Rf8 24. Nf5 h6 25. Nd2 a3 26. Qh5 Rxf5 27. Qxf5 axb2 28.
Qf7+ Kh8 29. Rxh6+ 1-0

[Event "Chigorin Mem Blitz 2015"]
[Site "St Petersburg RUS"]
[Date "2015.10.02"]
[Round "5.4"]
[White "Timofeev, Artyom"]
[Black "Aleksandrov, Aleksej"]
[Result "1/2-1/2"]
[WhiteTitle "GM"]
[BlackTitle "GM"]
[WhiteElo "2539"]
[BlackElo "2606"]
[WhiteFideId "4140419"]
[BlackFideId "13500139"]
[EventDate "2015.10.02"]

1. c4 e6 2. Nc3 d5 3. d4 Bb4 4. e3 c5 5. Nf3 Nf6 6. Bd3 O-O 7. O-O dxc4 8. Bxc4
cxd4 9. exd4 Nc6 10. Bg5 Be7 11. a3 b6 12. Qd3 Bb7 13. Rad1 h6 14. Bh4 Nh5 15.
Bg3 Nxg3 16. hxg3 Bf6 17. d5 exd5 18. Bxd5 Na5 19. Qe4 Qc8 20. Ne5 Bxe5 21. Qxe5
Nc4 22. Qd4 Nd6 23. Bxb7 Nxb7 24. Nd5 Qc5 25. b4 Qxd4 26. Rxd4 Rfd8 27. Rfd1 Kf8
28. Kf1 Rac8 29. Ne3 g6 30. Ke2 Rxd4 31. Rxd4 Ke7 32. Ng4 Nd6 33. Ne5 Ke6 34. f4
Rc3 35. Rd3 Rc2+ 36. Kf3 b5 37. Ng4 h5 38. Ne3 Ra2 39. Rc3 Rd2 40. g4 hxg4+ 41.
Nxg4 Nc4 42. Ne3 Nxe3 43. Rxe3+ Kd6 44. Rc3 a6 45. g4 1/2-1/2

[Event "Chigorin Mem Blitz 2015"]
[Site "St Petersburg RUS"]
[Date "2015.10.02"]
[Round "5.5"]
[White "Chigaev, Maksim"]
[Black "Popov, Valerij"]
[Result "1-0"]
[WhiteTitle "IM"]
[BlackTitle "GM"]
[WhiteElo "2521"]
[BlackElo "2525"]
[WhiteFideId "4108116"]
[BlackFideId "4119410"]
[EventDate "2015.10.02"]

1. e4 c6 2. d4 d5 3. Nc3 dxe4 4. Nxe4 Bf5 5. Ng3 Bg6 6. Nh3 Nf6 7. Nf4 e5 8.
dxe5 Qa5+ 9. c3 Qxe5+ 10. Qe2 Nbd7 11. Nxg6 hxg6 12. Bf4 Qxe2+ 13. Bxe2 Bc5 14.
O-O O-O 15. Bf3 Nb6 16. Rad1 Rfd8 17. Rxd8+ Rxd8 18. Rd1 Rxd1+ 19. Bxd1 Nbd5 20.
Bd2 Kf8 21. Kf1 Ke7 22. Bf3 Bd6 23. Ne2 Nb6 24. Bc1 Nfd7 25. g3 Ne5 26. Be4 Nbd7
27. f4 Ng4 28. h3 Ngf6 29. Bc2 Bc5 30. Kg2 Nd5 31. Kf3 b5 32. g4 N7b6 33. b3 Nd7
34. Bd2 a6 35. Ng3 Bb6 36. h4 Ba5 37. b4 Bc7 38. h5 gxh5 39. gxh5 Bb6 40. Bb3
N7f6 41. c4 bxc4 42. Bxc4 Nc7 43. Bc3 Ncd5 44. Nf5+ Kf8 45. Bxd5 Nxd5 46. Bxg7+
Kg8 47. a3 a5 48. bxa5 Bxa5 49. Bb2 Kh7 50. Nd6 Kg8 51. Ne4 Bd8 52. h6 Nb6 53.
Ng5 f6 54. h7+ Kh8 55. Nf7+ Kxh7 56. Nxd8 Nc4 57. Bc1 c5 58. Ne6 1-0

[Event "Chigorin Mem Blitz 2015"]
[Site "St Petersburg RUS"]
[Date "2015.10.02"]
[Round "5.6"]
[White "Goganov, Aleksey"]
[Black "Eraschenkov, Denis"]
[Result "1-0"]
[WhiteTitle "GM"]
[BlackTitle "IM"]
[WhiteElo "2603"]
[BlackElo "2402"]
[WhiteFideId "24109959"]
[BlackFideId "4170733"]
[EventDate "2015.10.02"]

1. e4 e5 2. Nf3 Nc6 3. Be2 Nf6 4. d3 g6 5. O-O Bg7 6. c3 O-O 7. b4 a6 8. Nbd2
Nh5 9. Re1 Nf4 10. Bf1 d6 11. Nc4 b5 12. Ne3 a5 13. bxa5 Rxa5 14. d4 exd4 15.
cxd4 Re8 16. Bd2 b4 17. Nc4 Qf6 18. Nxa5 Nxa5 19. e5 dxe5 20. Rxe5 Rxe5 21. dxe5 1-0

[Event "Chigorin Mem Blitz 2015"]
[Site "St Petersburg RUS"]
[Date "2015.10.02"]
[Round "5.7"]
[White "Levin, Evgeny A."]
[Black "Bodnaruk, Anastasia"]
[Result "1-0"]
[WhiteTitle "GM"]
[BlackTitle "IM"]
[WhiteElo "2508"]
[BlackElo "2459"]
[WhiteFideId "4182596"]
[BlackFideId "4181751"]
[EventDate "2015.10.02"]

1. d4 Nf6 2. Nf3 e6 3. Bg5 c5 4. e3 b6 5. Nbd2 Bb7 6. Bd3 Be7 7. c3 O-O 8. O-O
d6 9. Re1 Nbd7 10. h3 Rc8 11. e4 e5 12. dxe5 Nxe5 13. Nxe5 dxe5 14. Bxf6 Bxf6
15. Qe2 g6 16. Red1 Qe7 17. Ba6 Rfd8 18. a4 Bg5 19. Bxb7 Qxb7 20. Nc4 Qc7 21.
Rd5 Bf6 22. Rad1 a6 23. Ne3 Qb7 24. Ng4 Kg7 25. Qf3 Be7 26. Nxe5 f6 27. Rd7 Rc7
28. Rxd8 fxe5 29. R8d5 b5 30. Qg4 bxa4 31. Rd7 Qc6 32. Rxc7 Qxc7 33. Rd7 1-0

[Event "Chigorin Mem Blitz 2015"]
[Site "St Petersburg RUS"]
[Date "2015.10.02"]
[Round "5.8"]
[White "Turov, Maxim"]
[Black "Chekhov, Sergei"]
[Result "1/2-1/2"]
[WhiteTitle "GM"]
[BlackTitle "IM"]
[WhiteElo "2609"]
[BlackElo "2488"]
[WhiteFideId "4120086"]
[BlackFideId "4195639"]
[EventDate "2015.10.02"]

1. d4 Nf6 2. c4 e6 3. Nc3 Bb4 4. Qc2 c5 5. dxc5 O-O 6. Nf3 Na6 7. Bd2 Nxc5 8. a3
Bxc3 9. Bxc3 d5 10. Bxf6 Qxf6 11. cxd5 b6 12. e3 exd5 13. Nd4 Re8 14. Bb5 Ba6
15. O-O Bxb5 16. Nxb5 Qc6 17. Nd4 Qd7 18. Qf5 Ne6 19. Rfd1 Rad8 20. Rd2 Nxd4 21.
Qxd7 Ne2+ 22. Kf1 Rxd7 23. Kxe2 h5 24. Rad1 Re5 25. Rd4 g5 26. h4 g4 27. Rc1 Kg7
28. Rc6 Re6 29. Rc8 Re5 30. Kd3 Rf5 31. Ke2 Rd6 32. Rc7 Rdf6 33. Rf4 Rxf4 34.
exf4 Rxf4 35. Rxa7 Re4+ 36. Kd3 Rf4 37. Ke3 Re4+ 1/2-1/2

[Event "Chigorin Mem Blitz 2015"]
[Site "St Petersburg RUS"]
[Date "2015.10.02"]
[Round "5.9"]
[White "Lugovskoy, Maxim"]
[Black "Rodin, Dmitrij"]
[Result "1-0"]
[WhiteTitle "IM"]
[BlackTitle "FM"]
[WhiteElo "2470"]
[BlackElo "2378"]
[WhiteFideId "24126454"]
[BlackFideId "4127412"]
[EventDate "2015.10.02"]

1. e4 d5 2. exd5 Nf6 3. Bb5+ Bd7 4. Bc4 Bg4 5. f3 Bc8 6. Nc3 Nbd7 7. Nge2 Nb6 8.
Bb3 Nbxd5 9. Nxd5 Nxd5 10. O-O e6 11. d4 Be7 12. c4 Nf6 13. Be3 O-O 14. Ng3 b6
15. Qe2 Bb7 16. Rad1 Qd7 17. Bc2 Rfe8 18. Rfe1 Rad8 19. Kh1 Qc8 20. Ne4 c5 21.
b3 Nxe4 22. fxe4 cxd4 23. Bxd4 Bb4 24. Rf1 e5 25. Bb2 Bc5 26. Qh5 f6 27. h3 Bd4
28. Bxd4 exd4 29. e5 Rxe5 30. Qxh7+ Kf7 31. Bg6+ Ke6 32. Qxg7 Rf8 33. Rxd4 Qc6
34. Rg4 Qc8 35. Rgf4 f5 36. Bh5 Be4 37. Bf3 Rf7 38. Qg3 Qc6 39. Qg6+ Rf6 40.
Qg8+ Ke7 41. Bxe4 Rxe4 42. Rxe4+ Qxe4 43. Qg7+ Rf7 44. Qg5+ Ke6 45. Qg3 f4 46.
Qg4+ Kd6 47. Rd1+ Kc5 48. a3 Rf6 49. Qc8+ Qc6 50. Qd8 b5 51. Qd4# 1-0

[Event "Chigorin Mem Blitz 2015"]
[Site "St Petersburg RUS"]
[Date "2015.10.02"]
[Round "5.10"]
[White "Ganichev, Alexander"]
[Black "Pridorozhni, Aleksei"]
[Result "0-1"]
[BlackTitle "GM"]
[WhiteElo "2225"]
[BlackElo "2575"]
[WhiteFideId "24143944"]
[BlackFideId "4127870"]
[EventDate "2015.10.02"]

1. e4 e6 2. d4 d5 3. Nc3 dxe4 4. Nxe4 Bd7 5. Nf3 Bc6 6. Bd3 Nd7 7. O-O Ngf6 8.
Nxf6+ Qxf6 9. Be2 h6 10. c4 Be4 11. Be3 Be7 12. Qb3 b6 13. Rad1 O-O 14. a3 Qg6
15. Ne1 c5 16. Bf3 cxd4 17. Bxd4 Nc5 18. Qe3 Bxf3 19. Nxf3 Rac8 20. b4 Na6 21.
Rc1 Rfd8 22. Rfd1 Qf5 23. h3 Nb8 24. c5 bxc5 25. Bxc5 Rxd1+ 26. Rxd1 Bxc5 27.
bxc5 Nc6 28. Rd7 e5 29. Rd6 f6 30. Qb3+ Kh7 31. Qb7 Nd4 32. Nxd4 exd4 33. Rd7
Rg8 34. c6 Qc2 35. Rxd4 Re8 36. Rd7 Qc1+ 0-1

[Event "Chigorin Mem Blitz 2015"]
[Site "St Petersburg RUS"]
[Date "2015.10.02"]
[Round "5.11"]
[White "Sandipan, Chanda"]
[Black "Shemeakin, Alexander"]
[Result "1-0"]
[WhiteTitle "GM"]
[BlackTitle "IM"]
[WhiteElo "2567"]
[BlackElo "2275"]
[WhiteFideId "5004225"]
[BlackFideId "14101840"]
[EventDate "2015.10.02"]

1. d4 d5 2. c4 c6 3. Nf3 Nf6 4. e3 a6 5. Nc3 b5 6. b3 Bg4 7. Be2 e6 8. O-O Bd6
9. Ne5 Bxe2 10. Qxe2 O-O 11. Bd2 Qe7 12. Rfe1 Rc8 13. Nf3 Nbd7 14. c5 Bc7 15. b4
a5 16. a3 e5 17. e4 axb4 18. axb4 Rxa1 19. Rxa1 dxe4 20. Nxe4 exd4 21. Re1 Nxe4
22. Qxe4 Qxe4 23. Rxe4 Nf6 24. Rxd4 Nd5 25. Re4 f6 26. Kf1 Kf7 27. g3 Rd8 28.
Nd4 Ra8 29. Nxc6 Ra2 30. Ke1 Rb2 31. h4 f5 32. Rd4 Ke6 33. Kd1 Be5 34. Nd8+ Ke7
35. Rxd5 Bf6 36. Nc6+ Kf7 37. Nd4 Rb1+ 38. Ke2 Rb2 39. c6 Bxd4 40. Rxd4 Rc2 41.
Rd5 Rxc6 42. Rxf5+ 1-0

[Event "Chigorin Mem Blitz 2015"]
[Site "St Petersburg RUS"]
[Date "2015.10.02"]
[Round "5.12"]
[White "Rozum, Ivan"]
[Black "Korchmar, Vasiliy"]
[Result "1-0"]
[WhiteTitle "GM"]
[BlackTitle "IM"]
[WhiteElo "2547"]
[BlackElo "2402"]
[WhiteFideId "24104272"]
[BlackFideId "24131750"]
[EventDate "2015.10.02"]

1. c4 e5 2. Nc3 Nc6 3. g3 Bc5 4. Bg2 d6 5. d3 h6 6. e3 a6 7. Nge2 Nf6 8. O-O O-O
9. b3 Ba7 10. Bb2 Ne7 11. d4 Ng6 12. h3 Re8 13. Qc2 c6 14. Rad1 Qc7 15. f4 exf4
16. exf4 Rb8 17. f5 Nf8 18. Kh1 b5 19. d5 b4 20. Ne4 Nxe4 21. Bxe4 cxd5 22. Bxd5
Bb7 23. Nf4 Bxd5+ 24. Nxd5 Qb7 25. Qg2 f6 26. Rde1 Qf7 27. g4 Nd7 28. Qd2 a5 29.
Nf4 Bc5 30. Ne6 Kh8 31. Re4 a4 32. Rfe1 axb3 33. axb3 Ra8 34. Kg2 Kh7 35. R1e2
Kh8 36. Qd3 Rec8 37. h4 Ra2 38. Qf3 Ne5 39. Bxe5 Rxe2+ 40. Rxe2 dxe5 41. g5 Bf8
42. Rd2 Qa7 43. g6 Qa1 44. Qb7 Re8 45. Qf7 1-0

[Event "Chigorin Mem Blitz 2015"]
[Site "St Petersburg RUS"]
[Date "2015.10.02"]
[Round "6.1"]
[White "Demchenko, Anton"]
[Black "Eliseev, Urii"]
[Result "1-0"]
[WhiteTitle "GM"]
[BlackTitle "GM"]
[WhiteElo "2595"]
[BlackElo "2536"]
[WhiteFideId "4160258"]
[BlackFideId "24131920"]
[EventDate "2015.10.02"]

1. e4 c5 2. Nf3 d6 3. d4 Nf6 4. Nc3 cxd4 5. Nxd4 Nc6 6. Bg5 e6 7. Qd2 a6 8.
O-O-O Bd7 9. f3 Be7 10. h4 h6 11. Be3 h5 12. Nxc6 bxc6 13. Bc4 d5 14. Bb3 Qa5
15. Bd4 Qc7 16. Be3 a5 17. Rhe1 O-O 18. Bf4 Qd8 19. Kb1 Re8 20. Be5 Qb6 21. Qf4
Bc8 22. Na4 Qb4 23. a3 Qb5 24. Bd6 Bd8 25. Qd2 Bd7 26. Qd4 Rc8 27. Qc5 Qb7 28.
e5 Nh7 29. g3 Nf8 30. Qc3 Qa7 31. Bc5 Qb8 32. g4 hxg4 33. fxg4 Bc7 34. h5 Nh7
35. Qe3 Bd8 36. Bd6 Qb5 37. Nc5 Bg5 38. Qd4 Red8 39. Ba4 Qb6 40. Nxe6 Qxd4 41.
Nxd4 Bxg4 42. Rd3 Bd7 43. Bc5 Re8 44. Nf3 Be7 45. Rc3 Bd8 46. Rg1 Kh8 47. Bd4
Re6 48. Be3 Re8 49. Bc5 Bc7 50. Bd4 Bb8 51. e6 Rxe6 52. Rxg7 Nf6 53. h6 c5 54.
Ng5 Re1+ 55. Ka2 Be8 56. Bxf6 1-0

[Event "Chigorin Mem Blitz 2015"]
[Site "St Petersburg RUS"]
[Date "2015.10.02"]
[Round "6.2"]
[White "Alekseev, Evgeny"]
[Black "Goganov, Aleksey"]
[Result "0-1"]
[WhiteTitle "GM"]
[BlackTitle "GM"]
[WhiteElo "2642"]
[BlackElo "2603"]
[WhiteFideId "4138147"]
[BlackFideId "24109959"]
[EventDate "2015.10.02"]

1. e4 e5 2. Nf3 Nc6 3. Bb5 Nf6 4. d3 Bc5 5. c3 O-O 6. O-O d6 7. Nbd2 Bb6 8. h3
Ne7 9. Re1 Ng6 10. Nf1 c6 11. Ba4 d5 12. Ng3 dxe4 13. dxe4 Qxd1 14. Rxd1 h6 15.
Bc2 Be6 16. b3 Rfd8 17. Bb2 a5 18. c4 Bc7 19. Kf1 b5 20. cxb5 cxb5 21. Rxd8+
Rxd8 22. Rd1 Rxd1+ 23. Bxd1 Nd7 24. Bc2 f6 25. Nf5 Nc5 26. Ne3 Nf4 27. Ne1 Kf7
28. h4 Ke7 29. f3 Bb6 30. Bc1 a4 31. b4 Nb7 32. a3 Nd6 33. g3 Nc4 34. Nf5+ Bxf5
35. exf5 Nd5 36. Bd3 Kd6 37. Bxc4 bxc4 38. Ke2 Nc3+ 39. Kf1 Nb5 40. Nc2 Kd5 41.
Ke1 c3 42. Ke2 Kc4 43. Kd1 Kb3 44. Na1+ Kc4 45. Nc2 Bf2 46. g4 Kd3 47. g5 hxg5
48. hxg5 Nd4 49. Ne1+ Bxe1 50. Kxe1 Nxf3+ 51. Kf2 Nxg5 52. b5 Ne4+ 53. Kf3 Nd2+
54. Kg4 Nc4 55. Kh5 e4 0-1

[Event "Chigorin Mem Blitz 2015"]
[Site "St Petersburg RUS"]
[Date "2015.10.02"]
[Round "6.3"]
[White "Levin, Evgeny A."]
[Black "Timofeev, Artyom"]
[Result "0-1"]
[WhiteTitle "GM"]
[BlackTitle "GM"]
[WhiteElo "2508"]
[BlackElo "2539"]
[WhiteFideId "4182596"]
[BlackFideId "4140419"]
[EventDate "2015.10.02"]

1. d4 d5 2. c4 e6 3. Nc3 c6 4. e3 Bd6 5. Bd3 f5 6. Nf3 Nf6 7. O-O O-O 8. b3 b6
9. Bb2 Ne4 10. Ne2 Nd7 11. Ne5 Bb7 12. f3 Nef6 13. cxd5 Nxd5 14. Nc4 Bc7 15. e4
b5 16. exd5 bxc4 17. bxc4 cxd5 18. c5 Bc6 19. Qc2 Qh4 20. g3 Qf6 21. Rfe1 Rab8
22. Bc3 Rfe8 23. Rab1 h6 24. Rxb8 Rxb8 25. Rb1 Re8 26. Re1 Qg5 27. Bd2 Qh5 28.
Nf4 Qf7 29. Ne2 Qh5 30. Nf4 Qf7 31. Ne2 g5 32. Kg2 Kg7 33. a4 Qf6 34. Bb5 Nb8
35. Qb3 Re7 36. Bc3 a6 37. Bxc6 Nxc6 38. Qb7 Na5 39. Qxa6 Nc4 40. Qb5 f4 41. g4
h5 42. h3 Ne3+ 43. Kg1 hxg4 44. hxg4 Qh6 45. Nc1 Qh3 46. Rxe3 fxe3 47. Qe2 Rf7
48. Qxe3 Qg3+ 49. Kh1 Qh2# 0-1

[Event "Chigorin Mem Blitz 2015"]
[Site "St Petersburg RUS"]
[Date "2015.10.02"]
[Round "6.4"]
[White "Aleksandrov, Aleksej"]
[Black "Chigaev, Maksim"]
[Result "1/2-1/2"]
[WhiteTitle "GM"]
[BlackTitle "IM"]
[WhiteElo "2606"]
[BlackElo "2521"]
[WhiteFideId "13500139"]
[BlackFideId "4108116"]
[EventDate "2015.10.02"]

1. d4 Nf6 2. c4 g6 3. Nc3 Bg7 4. e4 O-O 5. h3 c6 6. Bd3 d6 7. Nf3 Nbd7 8. O-O e5
9. Bc2 exd4 10. Nxd4 Re8 11. Re1 Qb6 12. Nb3 Ne5 13. Be3 Qc7 14. c5 dxc5 15.
Bxc5 Rd8 16. Qe2 b6 17. Be3 a5 18. Red1 Rxd1+ 19. Rxd1 Ba6 20. Qe1 Nc4 21. Bc1
Nd7 22. Nd2 Nce5 23. Nb3 Nc4 24. Nd2 Nce5 25. Nb3 Nc4 26. Bd3 Nde5 27. Bf1 b5
28. f4 1/2-1/2

[Event "Chigorin Mem Blitz 2015"]
[Site "St Petersburg RUS"]
[Date "2015.10.02"]
[Round "6.5"]
[White "Amonatov, Farrukh"]
[Black "Belous, Vladimir"]
[Result "1-0"]
[WhiteTitle "GM"]
[BlackTitle "GM"]
[WhiteElo "2591"]
[BlackElo "2566"]
[WhiteFideId "14700077"]
[BlackFideId "4174003"]
[EventDate "2015.10.02"]

1. e4 c5 2. Nf3 Nc6 3. Nc3 e5 4. Bc4 Be7 5. d3 d6 6. O-O Nf6 7. Ng5 O-O 8. f4
Bg4 9. Qe1 exf4 10. Bxf4 Nd4 11. Qh4 Bh5 12. Nd5 Bg6 13. Nxe7+ Qxe7 14. Rf2 b5
15. Bb3 a5 16. c3 Nxb3 17. axb3 h6 18. Nf3 Qe6 19. Re1 Qxb3 20. Bxh6 Rfe8 21.
Bf4 Qe6 22. Ng5 Qg4 23. Qxg4 Nxg4 24. Rfe2 Ne5 25. Rd2 a4 26. Nf3 f6 27. Nh4
Rad8 28. Bxe5 dxe5 29. Nxg6 b4 30. Ra1 c4 31. cxb4 cxd3 32. Rxa4 Rd4 33. Ra7
Rxe4 34. Rxd3 Kh7 35. Ne7 Kh6 36. Nf5+ Kg6 37. Nd6 Rd8 38. Rg3+ 1-0

[Event "Chigorin Mem Blitz 2015"]
[Site "St Petersburg RUS"]
[Date "2015.10.02"]
[Round "6.6"]
[White "Stupak, Kirill"]
[Black "Lugovskoy, Maxim"]
[Result "0-1"]
[WhiteTitle "GM"]
[BlackTitle "IM"]
[WhiteElo "2531"]
[BlackElo "2470"]
[WhiteFideId "13503758"]
[BlackFideId "24126454"]
[EventDate "2015.10.02"]

1. d4 d5 2. Nf3 Nf6 3. g3 e6 4. Bg2 Be7 5. O-O b5 6. c3 O-O 7. Qb3 a6 8. a4 bxa4
9. Qxa4 Nbd7 10. Qc6 Nb6 11. Bf4 Bd6 12. Bxd6 Qxd6 13. Qxd6 cxd6 14. Na3 Bd7 15.
Nc2 Ne4 16. Rfb1 Rfb8 17. Ne3 Na4 18. Nd1 Ra7 19. Ne1 Nd2 20. Rc1 Nb3 21. Nd3
Nxc1 22. Rxc1 Bb5 23. Rc2 Bxd3 24. exd3 Rab7 25. b4 Rc8 26. Ne3 Rxc3 27. Ra2
Rxb4 28. Bf3 g6 29. Kg2 Rxd3 30. Nc2 Rb2 31. Rxa4 Rxc2 0-1

[Event "Chigorin Mem Blitz 2015"]
[Site "St Petersburg RUS"]
[Date "2015.10.02"]
[Round "6.7"]
[White "Golubov, Saveliy"]
[Black "Maletin, Pavel"]
[Result "0-1"]
[WhiteTitle "IM"]
[BlackTitle "GM"]
[WhiteElo "2453"]
[BlackElo "2581"]
[WhiteFideId "24176729"]
[BlackFideId "4146786"]
[EventDate "2015.10.02"]

1. Nf3 g6 2. g3 Bg7 3. Bg2 c5 4. O-O Nc6 5. d3 d6 6. Nbd2 e6 7. e4 Nge7 8. Re1
O-O 9. Nf1 b5 10. a4 b4 11. Ne3 e5 12. Nc4 h6 13. Be3 Be6 14. h4 Qd7 15. h5 Bg4
16. hxg6 fxg6 17. Ncd2 Nd4 18. Bxd4 cxd4 19. Qc1 Rf7 20. Nh2 Be6 21. b3 Raf8 22.
Re2 h5 23. Nc4 Kh7 24. Qd2 Bh6 25. Qxb4 Nc8 26. c3 h4 27. gxh4 Qe7 28. cxd4 Qxh4
29. Nxd6 Rxf2 30. Rxf2 Rxf2 31. Nxc8 Be3 32. Kh1 Qg3 33. Rg1 Bh3 34. Qe7+ Kh6 0-1